000
00302nam a22001337a 4500
041
_a
ENG
100
_a
Biswas .T.D
245
_a
Textbook Of Soil Science
250
_a
Second Edition
260
_a
Delhi
_b
Tata Mcgraw -Hil
_c
1999
300
_a
433
650
_a
Agricultural
856
_u
Agricultural
999
_c
641
_d
641